000 00423nam a2200145 i 4500
001 55021
003 ES-MaACL
007 t|
008 030911s1924 fr ||||1| fre d
100 1 _aDelevsky, J.
_943381
245 1 0 _aAntagonismes sociaux et antagonismes proletariens /
_cpar J. Delevsky.
260 _aParis :
_bMarcel Giard,
_c1924 (
_fBarneond)
300 _a574 p. ;
_c22 cm.
852 _aES-MaACL
_jL-4115
_bR.104969
999 _c55021
_d55021